| 000 | 00803nam a2200289 a 4500 | ||
|---|---|---|---|
| 999 |
_c9890 _d9890 |
||
| 001 | 9890 | ||
| 003 | 9889 | ||
| 005 | 20180403094917.0 | ||
| 008 | 180403s1986 ilua b 001 0 eng | ||
| 020 | _a0256032467 | ||
| 035 | _a(BD-JhCC)9890 | ||
| 040 |
_aDLC _cDLC _dDLC _d9889 |
||
| 041 | _aeng | ||
| 050 | 0 | 0 |
_aBF121 _b.M295 1986 |
| 082 | 0 | 0 |
_a150 _219 _bMCM 1986 |
| 100 | 1 | _aMcMahon, Frank B. | |
| 245 | 1 | 0 |
_aPsychology, the hybrid science / _cFrank B. McMahon, Judith W. McMahon. |
| 250 | _a5th ed. | ||
| 260 |
_aChicago, Ill. : _bDorsey Press, _cc1986. |
||
| 300 |
_axxvi, 716, xxiii p. : _bill. (some col.) ; _c27 cm. |
||
| 500 | _aIncludes indexes. | ||
| 504 | _aBibliography: p. [679]-713. | ||
| 650 | 0 | _aPsychology. | |
| 700 | 1 | _aMcMahon, Judith W. | |
| 942 |
_2ddc _cBK |
||